000 00569nam a2200229Ia 4500
008 160803s9999 xx 000 0 und d
020 _a9780590474863
100 _aGibbons, Gail
245 _aStargazers /
245 _cGail Gibbons.
260 _aNew York :
260 _bScholastic Inc.
260 _c1992
300 _a1 volume (unpaged) :
300 _bcolor illustrations ;
300 _c21 x 26 cm
440 _aReady-to-go classroom library.,
440 _vGrade 3
650 _aStars --
650 _xJuvenile literature.
700 _a640
999 _c299079
_d299079